[Event "21ème open inter de La Réunion"]
[Site "Salle des fêtes de Bellepierr"]
[Date "2019.10.20"]
[Round "2.4"]
[White "Ramasindraibe, Girard"]
[Black "Larmet, Nino"]
[Result "0-1"]
[WhiteElo "2150"]
[BlackElo "1738"]
[PlyCount "100"]
[EventDate "2019.??.??"]

1. c4 e5 2. Nc3 Nc6 3. g3 g6 4. Bg2 Bg7 5. d3 d6 6. Nf3 Nge7 7. O-O O-O 8. Bd2
f5 9. Nd5 h6 10. Bc3 g5 11. Nd2 Ng6 12. b4 Nce7 13. c5 Rb8 14. Rc1 Be6 15.
Nxe7+ Qxe7 16. cxd6 cxd6 17. Qa4 d5 18. Nb3 b6 19. b5 Qf7 20. Bb4 Rfd8 21. Rc6
Bf8 22. Rfc1 Rb7 23. Na1 Rbd7 24. Nc2 Ne7 25. Bxe7 Bxe7 26. Nb4 Bd6 27. Na6 Qe7
28. Qc2 Bf7 29. a4 Ba3 30. Ra1 Bd6 31. Rc8 e4 32. d4 Rxc8 33. Qxc8+ Rd8 34.
Qxf5 Qe6 35. Bh3 Qxf5 36. Bxf5 Kf8 37. Rb1 Ke7 38. Nb4 Bxb4 39. Rxb4 Be6 40.
Bxe6 Kxe6 41. a5 Rb8 42. axb6 Rxb6 43. Ra4 Rxb5 44. Rxa7 Kf5 45. Rf7+ Kg6 46.
Rc7 Rb4 47. e3 Rb5 48. Kg2 h5 49. Rc6+ Kg7 50. h3 g4 0-1

[Event "21ème open inter de La Réunion"]
[Site "Salle des fêtes de Bellepierr"]
[Date "2019.10.20"]
[Round "2.5"]
[White "Dace, Jean Emeric"]
[Black "Testud, Philippe"]
[Result "0-1"]
[WhiteElo "1654"]
[BlackElo "2140"]
[PlyCount "112"]
[EventDate "2019.??.??"]

1. Nf3 Nf6 2. c4 e6 3. Nc3 Bb4 4. g3 O-O 5. Bg2 d5 6. cxd5 exd5 7. O-O d4 8.
Nb5 c5 9. a3 Ba5 10. b4 cxb4 11. axb4 Bb6 12. Na3 Be6 13. d3 Nc6 14. Nc4 Nxb4
15. Nxb6 Qxb6 16. Ba3 a5 17. Qd2 Nfd5 18. Bb2 Nc6 19. Rfb1 Ndb4 20. Qf4 Rad8
21. Ba3 Bd5 22. h4 Rfe8 23. Ng5 f6 24. Ne4 Re5 25. Bf3 Qc7 26. h5 Nc2 27. h6
Nxa1 28. Rxa1 f5 29. Ng5 g6 30. Rc1 Qb8 31. Bxd5+ Rexd5 32. Qd2 Qe5 33. Qa2 f4
34. Ne4 Kh8 35. Qb3 R8d7 36. Bf8 Kg8 37. Bg7 Rxg7 38. hxg7 Kxg7 39. gxf4 Rb5
40. fxe5 Rxb3 41. Nc5 Rb5 42. f4 Nd8 43. Ne4 Ne6 44. Nf6 Rc5 45. Rb1 b5 46. e3
dxe3 47. d4 Nxd4 48. Nd7 Rc1+ 49. Rxc1 Ne2+ 50. Kf1 Nxc1 51. e6 Nd3 52. f5 gxf5
53. e7 Kf7 54. e8=Q+ Kxe8 55. Nf6+ Kf7 56. Nd5 a4 0-1

[Event "21ème open inter de La Réunion"]
[Site "Salle des fêtes de Bellepierr"]
[Date "2019.10.20"]
[Round "2.6"]
[White "Lorans, Sylvain"]
[Black "Bah, Ismael"]
[Result "1-0"]
[WhiteElo "2116"]
[BlackElo "1660"]
[PlyCount "51"]
[EventDate "2019.??.??"]

1. d4 d5 2. Bf4 e6 3. e3 Bd6 4. Bg3 Nf6 5. Nd2 b6 6. c3 Bb7 7. Bb5+ c6 8. Bd3
Qc7 9. Bxd6 Qxd6 10. f4 Nbd7 11. Ngf3 c5 12. Ne5 Qe7 13. Qf3 Rc8 14. O-O O-O
15. a4 cxd4 16. exd4 Nb8 17. a5 Qc7 18. f5 Ba6 19. fxe6 fxe6 20. Qh3 Bxd3 21.
Qxe6+ Kh8 22. axb6 axb6 23. Nxd3 Rce8 24. Qh3 Nc6 25. Nf4 Kg8 26. Ne6 1-0

[Event "21ème open inter de La Réunion"]
[Site "Salle des fêtes de Bellepierr"]
[Date "2019.10.20"]
[Round "2.7"]
[White "Desire, Michael"]
[Black "Roblet, Charles"]
[Result "1/2-1/2"]
[WhiteElo "1652"]
[BlackElo "2063"]
[PlyCount "24"]
[EventDate "2019.??.??"]

1. d4 f5 2. e4 fxe4 3. Nc3 Nf6 4. Bg5 e6 5. Nxe4 Be7 6. Ng3 b6 7. Bd3 Bb7 8.
Nf3 Nc6 9. c3 O-O 10. h4 h6 11. Qe2 d5 12. Qxe6+ Kh8 1/2-1/2

[Event "21ème open inter de La Réunion"]
[Site "Salle des fêtes de Bellepierr"]
[Date "2019.10.20"]
[Round "2.8"]
[White "Frelicot, Eric"]
[Black "Hamon, Christian"]
[Result "0-1"]
[WhiteElo "1609"]
[BlackElo "2001"]
[PlyCount "78"]
[EventDate "2019.??.??"]

1. c4 Nf6 2. Nc3 g6 3. d4 d5 4. cxd5 Nxd5 5. Nxd5 Qxd5 6. Nf3 Bg7 7. e3 O-O 8.
Be2 c5 9. O-O Nc6 10. dxc5 Qxc5 11. e4 Rd8 12. Qa4 Be6 13. Be3 Qa5 14. Qxa5
Nxa5 15. e5 Nc6 16. b3 Nxe5 17. Nxe5 Bxe5 18. Rad1 b6 19. Rxd8+ Rxd8 20. Rc1
Rc8 21. Rxc8+ Bxc8 22. a4 Bc3 23. Bc4 Kf8 24. Kf1 Bb7 25. f3 Bb4 26. Ke2 e5 27.
Bd2 Bxd2 28. Kxd2 Ke7 29. Kc3 f5 30. b4 Kd6 31. Bg8 Ke7 32. Kc4 h6 33. Bd5 Ba6+
34. b5 Bc8 35. Bc6 Be6+ 36. Kb4 g5 37. a5 Kd6 38. axb6 axb6 39. g3 Bd5 0-1

[Event "21ème open inter de La Réunion"]
[Site "Salle des fêtes de Bellepierr"]
[Date "2019.10.20"]
[Round "2.9"]
[White "Mezouaghi, Miloud"]
[Black "Pun Chung, Leo"]
[Result "1-0"]
[WhiteElo "2001"]
[BlackElo "1654"]
[PlyCount "57"]
[EventDate "2019.??.??"]

1. Nf3 d5 2. c4 e6 3. g3 Nf6 4. Bg2 Be7 5. O-O O-O 6. Qc2 b6 7. d4 Bb7 8. Ne5
c5 9. dxc5 bxc5 10. Nc3 Nbd7 11. Nxd7 Qxd7 12. cxd5 exd5 13. Rd1 d4 14. Bxb7
Qxb7 15. Na4 Rac8 16. b3 Qd5 17. Qd3 Rfd8 18. Bb2 h5 19. Rac1 Ne4 20. Qf3 Rd6
21. Rxd4 cxd4 22. Rxc8+ Bf8 23. Ba3 Rd8 24. Rxd8 Qxd8 25. Bxf8 Ng5 26. Qxh5
Kxf8 27. Qh8+ Ke7 28. Qxd8+ Kxd8 29. Nc5 1-0

[Event "21ème open inter de La Réunion"]
[Site "Salle des fêtes de Bellepierr"]
[Date "2019.10.20"]
[Round "2.10"]
[White "Padre, Maxime"]
[Black "Dijoux, Julien"]
[Result "1/2-1/2"]
[WhiteElo "1512"]
[BlackElo "1891"]
[PlyCount "116"]
[EventDate "2019.??.??"]

1. b3 d5 2. Bb2 c5 3. e3 Nc6 4. Bb5 a6 5. Bxc6+ bxc6 6. Nf3 Nf6 7. Ne5 Qc7 8.
f4 h5 9. h3 Bf5 10. d3 Nd7 11. Nd2 Nxe5 12. Bxe5 Qa5 13. O-O f6 14. Bb2 Bd7 15.
Qe2 e6 16. e4 Be7 17. Nf3 Qc7 18. e5 Kf7 19. Rae1 Rae8 20. a4 Kg8 21. Nd2 Rh6
22. exf6 gxf6 23. Qf3 Kf7 24. Qe3 Rh7 25. Nf3 Rg8 26. f5 e5 27. Bxe5 fxe5 28.
Nxe5+ Kf6 29. Ng6 Bxf5 30. Nxe7 Rxe7 31. Qxe7+ Qxe7 32. Rxe7 Kxe7 33. Rxf5 Rh8
34. Kf2 Ke6 35. Rg5 h4 36. Rg6+ Kd7 37. Rg7+ Kd6 38. Kf3 Ke5 39. Re7+ Kd4 40.
Ra7 Kc3 41. Rxa6 Rc8 42. Ra5 Kxc2 43. Rxc5+ Kxb3 44. d4 Kxa4 45. Kg4 Rg8+ 46.
Kxh4 Rxg2 47. Rxc6 Rd2 48. Kg5 Rxd4 49. h4 Kb5 50. Rc2 Rd1 51. Rh2 Rg1+ 52. Kf4
Kc4 53. h5 d4 54. h6 Rf1+ 55. Kg3 Rf8 56. h7 Rh8 57. Kf2 Kd5 58. Ke2 Ke6
1/2-1/2

[Event "21ème open inter de La Réunion"]
[Site "Salle des fêtes de Bellepierr"]
[Date "2019.10.20"]
[Round "2.11"]
[White "Randriambololona, Herimanjatosoa"]
[Black "Rajaobelina, Hery"]
[Result "1-0"]
[WhiteElo "1886"]
[BlackElo "1625"]
[PlyCount "122"]
[EventDate "2019.??.??"]

1. e4 e5 2. Nf3 Nf6 3. Nxe5 d6 4. Nf3 Nxe4 5. d4 d5 6. Bd3 Be7 7. O-O O-O 8. c4
c6 9. Re1 Bb4 10. Re2 f5 11. cxd5 cxd5 12. Qb3 Nc6 13. Nc3 Nxc3 14. bxc3 Ba5
15. Ba3 Re8 16. Rxe8+ Qxe8 17. Re1 Qd8 18. Ng5 Nxd4 19. Qxd5+ Be6 20. Qxd8+
Rxd8 21. Nxe6 Nxe6 22. Bc4 Bxc3 23. Bxe6+ Kh8 24. Rc1 Be5 25. Bxf5 g6 26. Be4
b6 27. g3 Rd4 28. Bc6 Rd2 29. Bf8 Rxa2 30. Bb5 Ra1 31. Rxa1 Bxa1 32. Kf1 Kg8
33. Bd6 Kf7 34. Ke2 Bd4 35. f3 Ke6 36. Bf4 Kf5 37. Ba6 Be5 38. Bxe5 Kxe5 39.
f4+ Kd4 40. Kf3 Kc5 41. g4 b5 42. Ke4 b4 43. f5 gxf5+ 44. gxf5 b3 45. Kd3 Kd5
46. Kc3 Ke5 47. Bd3 b2 48. Kxb2 Kf6 49. Kb3 Ke5 50. Kb4 Kd6 51. Ka5 Ke7 52. Ka6
Ke8 53. Kxa7 Ke7 54. Kb7 Kd7 55. Bb1 Kd8 56. f6 Kd7 57. Ba2 Kd8 58. Kc6 Ke8 59.
Kd6 Kf8 60. Ke6 Ke8 61. f7+ Kf8 1-0

[Event "21ème open inter de La Réunion"]
[Site "Salle des fêtes de Bellepierr"]
[Date "2019.10.20"]
[Round "2.12"]
[White "Naquin, Miguel"]
[Black "Rebut, Paul"]
[Result "0-1"]
[WhiteElo "1009"]
[BlackElo "1863"]
[PlyCount "42"]
[EventDate "2019.??.??"]

1. e4 e6 2. Bc4 Nc6 3. Nf3 g5 4. O-O Nge7 5. d3 g4 6. Ng5 h5 7. Nc3 Na5 8. b3
Nxc4 9. bxc4 c6 10. Be3 d5 11. Bd4 Rg8 12. Nh7 Bg7 13. Bxg7 Rxg7 14. Nf6+ Kf8
15. Nxh5 Rg6 16. cxd5 cxd5 17. exd5 Nxd5 18. Nxd5 exd5 19. Nf4 Rh6 20. Rb1 Qh4
21. g3 Qxh2# 0-1

[Event "21ème open inter de La Réunion"]
[Site "Salle des fêtes de Bellepierr"]
[Date "2019.10.20"]
[Round "2.13"]
[White "Triton, Maxime"]
[Black "Fondrat, Johan"]
[Result "1-0"]
[WhiteElo "1835"]
[BlackElo "1541"]
[PlyCount "45"]
[EventDate "2019.??.??"]

1. e4 e5 2. Nf3 Nc6 3. d4 exd4 4. Nxd4 Bc5 5. Nb3 Bb6 6. Nc3 Nge7 7. Bg5 d6 8.
Qd2 Be6 9. O-O-O a5 10. Bb5 Bd7 11. f4 f6 12. Bh4 Ng6 13. Bf2 Bxf2 14. Qxf2
Nce7 15. Bxd7+ Qxd7 16. Nd4 O-O-O 17. Ndb5 Nc6 18. Nd5 Qe8 19. f5 Nf8 20. Nbxc7
Qxe4 21. Rhe1 Qg4 22. Na6 Nd7 23. Qb6 1-0

[Event "21ème open inter de La Réunion"]
[Site "Salle des fêtes de Bellepierr"]
[Date "2019.10.20"]
[Round "2.14"]
[White "Quere, Alexandre"]
[Black "Weber, Richard"]
[Result "1-0"]
[WhiteElo "2042"]
[BlackElo "1486"]
[PlyCount "71"]
[EventDate "2019.??.??"]

1. Nf3 c6 2. g3 g6 3. c4 d6 4. Bg2 Nf6 5. O-O Bg7 6. Nc3 Nbd7 7. d4 Qc7 8. h3
O-O 9. Qc2 e5 10. e3 Re8 11. b3 Nf8 12. Rd1 Bf5 13. e4 Bd7 14. Ba3 Rad8 15.
dxe5 dxe5 16. Bd6 Qc8 17. Kh2 Nh5 18. Re1 f6 19. Rad1 Ne6 20. c5 Bh6 21. a4 Ng5
22. Nxg5 Bxg5 23. a5 a6 24. Na4 b5 25. cxb6 Qa8 26. Bc7 Be6 27. Bxd8 Rxd8 28.
b7 Qxb7 29. Rxd8+ Kg7 30. Nc5 Qe7 31. Red1 f5 32. R8d7 Bxd7 33. Rxd7 Qxd7 34.
Nxd7 f4 35. g4 Nf6 36. Nxf6 1-0

[Event "21ème open inter de La Réunion"]
[Site "Salle des fêtes de Bellepierr"]
[Date "2019.10.20"]
[Round "2.15"]
[White "Torregrosa, Antoine"]
[Black "Ova, Roberto"]
[Result "1/2-1/2"]
[WhiteElo "1501"]
[BlackElo "1328"]
[PlyCount "77"]
[EventDate "2019.??.??"]

1. Nf3 Nf6 2. b4 g6 3. Bb2 Bg7 4. e3 d6 5. d4 Nbd7 6. Be2 b6 7. O-O Bb7 8. Nbd2
O-O 9. c4 c5 10. b5 cxd4 11. Nxd4 Rc8 12. Qb3 Nc5 13. Qa3 a5 14. Bf3 Nfe4 15.
Nxe4 Bxd4 16. Bxd4 Bxe4 17. Bxe4 Nxe4 18. Qd3 Nc5 19. Qe2 Qd7 20. h4 Qf5 21. g4
Qe6 22. Rac1 Rc7 23. f4 Qe4 24. h5 e5 25. fxe5 dxe5 26. Bxc5 Rxc5 27. Rf6 Rfc8
28. hxg6 hxg6 29. Rxb6 Rxc4 30. Rxc4 Rxc4 31. Rd6 Qxg4+ 32. Qxg4 Rxg4+ 33. Kf2
Rb4 34. b6 Kf8 35. a3 Ke7 36. axb4 Kxd6 37. bxa5 Kc6 38. Kg3 f5 39. Kh4 1/2-1/2

[Event "21ème open inter de La Réunion"]
[Site "Salle des fêtes de Bellepierr"]
[Date "2019.10.20"]
[Round "2.16"]
[White "Grondin, Marine"]
[Black "Parame, Bruno"]
[Result "1-0"]
[WhiteElo "1478"]
[BlackElo "1199"]
[PlyCount "67"]
[EventDate "2019.??.??"]

1. e4 c5 2. Nf3 Nc6 3. c3 Nf6 4. e5 Ng8 5. d4 cxd4 6. cxd4 d5 7. Nc3 e6 8. a3
Be7 9. Bd3 a5 10. O-O Bd7 11. Be3 Na7 12. Qb3 Bc6 13. Rac1 h6 14. Rc2 Bg5 15.
Bxg5 hxg5 16. Nb5 Nc8 17. Be2 a4 18. Qe3 Rh5 19. Nd2 Rh6 20. Rfc1 Ra5 21. b4
axb3 22. Qxb3 Nge7 23. Rc5 Kf8 24. h3 Nf5 25. Nf3 b6 26. Rxc6 Qe7 27. Rxc8+ Qe8
28. Rxe8+ Kxe8 29. Nc7+ Kf8 30. Qxb6 g6 31. Qxa5 Ng7 32. Nxg5 Rh4 33. Qa7 Rf4
34. Ncxe6+ 1-0

[Event "21ème open inter de La Réunion"]
[Site "Salle des fêtes de Bellepierr"]
[Date "2019.10.20"]
[Round "2.17"]
[White "Folio, Thomas"]
[Black "Folio, Raphael"]
[Result "0-1"]
[WhiteElo "1199"]
[BlackElo "1440"]
[PlyCount "112"]
[EventDate "2019.??.??"]

1. e4 e5 2. Nf3 Nc6 3. Bc4 Bc5 4. O-O d6 5. h3 h6 6. d3 Nf6 7. Be3 Bb6 8. Nc3
Be6 9. Bb3 Qd7 10. Qd2 Bxh3 11. Bxb6 axb6 12. gxh3 Qxh3 13. Nh2 Nd4 14. Qe3 Qh5
15. f3 O-O-O 16. Rf2 g5 17. Kf1 Qg6 18. Ke1 Nh5 19. Kd2 f5 20. exf5 Nxf5 21.
Qe4 Nf4 22. Nd5 Kb8 23. Ne3 Rhf8 24. Nxf5 Rxf5 25. Ng4 h5 26. Ne3 Rf6 27. Qxg6
Nxg6 28. Nd5 Rf5 29. Rh1 g4 30. Ke3 Rdf8 31. Rhf1 g3 32. Rg2 h4 33. c4 Nf4 34.
Nxf4 exf4+ 35. Kd4 c5+ 36. Kc3 Re5 37. Rh1 Rh8 38. Rh3 Re3 39. Bd1 Kc7 40. Be2
Kc6 41. b4 b5 42. a3 bxc4 43. Kxc4 b5+ 44. Kc3 c4 45. Kd4 Rhe8 46. Rxh4 Rxe2
47. Rg1 Re1 48. Rhh1 R1e3 49. dxc4 Rxa3 50. Rh6 bxc4 51. Kxc4 Rxf3 52. b5+ Kc7
53. Rh7+ Kb8 54. b6 Re5 55. Ra1 Rfe3 56. b7 Re7 0-1

[Event "21ème open inter de La Réunion"]
[Site "Salle des fêtes de Bellepierr"]
[Date "2019.10.20"]
[Round "2.18"]
[White "Mablouke, Ulrich"]
[Black "Sandjivy, Yann"]
[Result "1-0"]
[WhiteElo "1433"]
[BlackElo "1120"]
[PlyCount "53"]
[EventDate "2019.??.??"]

1. e4 e5 2. Nf3 Nc6 3. Bc4 Nf6 4. Ng5 Qe7 5. Nxf7 Rg8 6. Ng5 d5 7. exd5 Nxd5 8.
d3 Be6 9. Nxe6 Qxe6 10. Nc3 O-O-O 11. Nxd5 Rxd5 12. Bxd5 Qxd5 13. O-O Bb4 14.
a3 Bd6 15. Qg4+ Kb8 16. Be3 e4 17. dxe4 Qe5 18. Qg3 Qxb2 19. Qh3 Bxa3 20. Qg3
Re8 21. Rfb1 Qc3 22. Bxa7+ Nxa7 23. Qxc3 Bf8 24. Qa5 Rxe4 25. Qxa7+ Kc8 26.
Qxb7+ Kd8 27. Qxe4 1-0

[Event "21ème open inter de La Réunion"]
[Site "Salle des fêtes de Bellepierr"]
[Date "2019.10.20"]
[Round "2.19"]
[White "Leliboux, Thais"]
[Black "Fondrat, Thierry"]
[Result "1-0"]
[WhiteElo "1181"]
[BlackElo "1358"]
[PlyCount "82"]
[EventDate "2019.??.??"]

1. d4 d5 2. c4 e6 3. Nc3 Nf6 4. Bg5 Be7 5. Nf3 h6 6. Bh4 O-O 7. e3 c5 8. Be2
Nc6 9. O-O b6 10. Rc1 Bb7 11. a3 Rc8 12. cxd5 (12. dxc5) 12... exd5 13. h3 Bd6
14. Nxd5 g5 15. Nxf6+ Qxf6 16. Bg3 Bxg3 17. fxg3 Qd6 18. dxc5 Qxg3 19. cxb6
axb6 20. Qb3 Qc7 21. Rc3 Qd8 22. Rd1 Qc7 23. Qb5 f6 24. Qf5 Ne7 25. Qe6+ Rf7
26. Rxc7 Rxc7 27. Bc4 Bd5 28. Bxd5 Nxd5 29. Rxd5 Rb7 30. Rb5 Kg7 31. Rxb6 Rbe7
32. Qb3 Rc7 33. Nd4 Kg6 34. Qd3+ Kh5 35. Nf5 Rcd7 36. Qb5 Kg6 37. Rb8 h5 38.
Rg8+ Kh7 39. Qb8 Rg7 40. Rxg7+ Rxg7 41. Nxg7 Kxg7 1-0

[Event "21ème open inter de La Réunion"]
[Site "Salle des fêtes de Bellepierr"]
[Date "2019.10.20"]
[Round "2.20"]
[White "Vaast, Jean"]
[Black "Alleman, Robin"]
[Result "1/2-1/2"]
[WhiteElo "1355"]
[BlackElo "1098"]
[PlyCount "56"]
[EventDate "2019.??.??"]

1. b4 e5 2. Bb2 d6 3. c4 g6 4. e3 Bg7 5. Nf3 Bg4 6. Be2 Qe7 7. a3 (7. Na3) 7...
Bxf3 8. Bxf3 c5 9. Qa4+ Qd7 10. Qxd7+ Nxd7 11. Nc3 Ngf6 12. Nb5 O-O 13. Bxb7 a6
14. Nxd6 Ra7 15. Be4 Nxe4 16. Nxe4 Rb8 17. Bc3 cxb4 18. axb4 Rb6 19. O-O f5 20.
c5 Rb8 21. Nd6 e4 22. Ra3 a5 23. Rb1 Nxc5 24. b5 Nb7 25. Bxg7 Nxd6 26. Be5 Rxb5
27. Rxb5 Nxb5 28. Ra4 Kf7 1/2-1/2

[Event "21ème open inter de La Réunion"]
[Site "Salle des fêtes de Bellepierr"]
[Date "2019.10.20"]
[Round "2.21"]
[White "Eric Andriana, Fitia"]
[Black "Mohamed, Keziah"]
[Result "1-0"]
[WhiteElo "1325"]
[BlackElo "1033"]
[PlyCount "57"]
[EventDate "2019.??.??"]

1. e4 c5 2. Nc3 a6 3. g3 Nc6 4. Bg2 d6 5. d3 g6 6. Nge2 Bg7 7. Bd2 e6 8. O-O
Nge7 9. Qc1 O-O 10. Bh6 Qc7 11. Bxg7 Kxg7 12. Nf4 Nd4 13. Re1 Rb8 14. Nfe2 Nec6
15. f4 f5 16. Kh1 Bd7 17. Nxd4 Nxd4 18. Nd1 Rbe8 19. c3 Nc6 20. Ne3 Kh8 21.
exf5 gxf5 22. Nc4 b5 23. Nd2 e5 24. Nf3 h6 25. fxe5 dxe5 26. Qxh6+ Kg8 27. Ng5
Re7 28. Bd5+ Rff7 29. Qh7+ 1-0

[Event "21ème open inter de La Réunion"]
[Site "Salle des fêtes de Bellepierr"]
[Date "2019.10.20"]
[Round "2.22"]
[White "Bosi-Lagarde, Arthur"]
[Black "Eboue, Yuri"]
[Result "1-0"]
[WhiteElo "1100"]
[BlackElo "1310"]
[PlyCount "87"]
[EventDate "2019.??.??"]

1. e4 c6 2. Nc3 d5 3. d4 dxe4 4. Nxe4 Bf5 5. Ng5 h6 6. N5f3 Nd7 7. Bc4 e6 8.
Bf4 Nb6 9. Ne5 Nxc4 10. Nxc4 Ne7 11. Nd6+ Kd7 12. Nxf7 Qa5+ 13. Bd2 Qd5 14.
Nxh8 Qxg2 15. Qf3 Be4 16. Qxg2 Bxg2 17. Nf7 Ng6 18. O-O-O Bxh1 19. Bc3 Ke7 20.
Ne5 Nxe5 21. dxe5 Rd8 22. Bb4+ Ke8 23. Rxd8+ Kxd8 24. Bxf8 Bd5 25. Bxg7 Ke7 26.
Bxh6 Kf7 27. a3 Kg6 28. Be3 Kf5 29. Bd4 a6 30. b3 b5 31. f3 Kf4 32. a4 bxa4 33.
c4 Bxf3 34. Nxf3 Kxf3 35. bxa4 Ke4 36. Ba1 Kf3 37. Bc3 Kg4 38. Kc2 Kh3 39. Kd3
c5 40. Ba5 Kxh2 41. Bb6 Kg3 42. Bxc5 Kg4 43. Bd6 Kg5 44. c5 1-0

[Event "21ème open inter de La Réunion"]
[Site "Salle des fêtes de Bellepierr"]
[Date "2019.10.20"]
[Round "2.23"]
[White "Folio, Pierre"]
[Black "Erudel, Irina"]
[Result "1-0"]
[WhiteElo "1246"]
[BlackElo "1009"]
[PlyCount "71"]
[EventDate "2019.??.??"]

1. e4 e5 2. Nf3 Nf6 3. Bc4 Qe7 4. Nc3 Nc6 5. d3 h6 6. O-O d6 7. h3 Bd7 8. d4 a6
9. d5 Na5 10. Bd3 Nh5 11. b4 b6 12. bxa5 bxa5 13. Ne2 Qf6 14. Ng3 Nf4 15. Bxf4
exf4 16. e5 dxe5 17. Nh5 Qb6 18. Rb1 Qd6 19. Nxe5 Qe7 20. Re1 Qh4 21. Nc6+ Be7
22. Rxe7+ Kf8 23. Rxd7 Re8 24. Rd8 Rxd8 25. Nxd8 Qxd8 26. Qg4 Rg8 27. Bh7 g5
28. Bxg8 Kxg8 29. h4 f6 30. hxg5 fxg5 31. Nxf4 c6 32. dxc6 Qd2 33. c7 Qxc2 34.
c8=Q+ Qxc8 35. Qxc8+ Kh7 36. Rb7# 1-0

[Event "21ème open inter de La Réunion"]
[Site "Salle des fêtes de Bellepierr"]
[Date "2019.10.20"]
[Round "2.24"]
[White "Cavillot-Delestage, Raphael"]
[Black "Gallais, Flavien"]
[Result "0-1"]
[WhiteElo "1056"]
[BlackElo "1236"]
[PlyCount "122"]
[EventDate "2019.??.??"]

1. e4 e5 2. Nf3 Nf6 3. Nxe5 Nxe4 4. Qe2 d6 5. Nf3 Qe7 6. d3 Nf6 7. Be3 g6 8.
Nc3 Be6 9. Bg5 Bg7 10. Ne4 h6 11. Bh4 Nbd7 12. Nd4 c5 13. Nxe6 Qxe6 14. Qf3 d5
15. Be2 dxe4 16. dxe4 O-O 17. O-O Nxe4 18. Rfe1 Ndf6 19. Bd3 Nd2 20. Qd1 Qg4
21. Bxf6 Qxd1 22. Raxd1 Bxf6 23. Rxd2 Rad8 24. Red1 Rfe8 25. b3 Bc3 26. Re2
Rxe2 27. Bxe2 Re8 28. Bf3 b6 29. h3 Bd4 30. Rd2 Kg7 31. Kh2 Be5+ 32. g3 Kf6 33.
Re2 h5 34. Bg2 Bxg3+ 35. Kxg3 Rxe2 36. c3 Rxa2 37. Bd5 Rd2 38. Bc6 Rd3+ 39. Kg2
Rxc3 40. Bd5 Rd3 41. Bc4 Rc3 42. h4 b5 43. Bxb5 Rxb3 44. Bc4 Rb4 45. Bd3 Rxh4
46. Kg3 Kg5 47. Bc2 f5 48. f3 f4+ 49. Kg2 a5 50. Bb3 Kf6 51. Kf2 g5 52. Kg2 g4
53. fxg4 hxg4 54. Kf2 Rh2+ 55. Kg1 g3 56. Kf1 f3 57. Kg1 f2+ 58. Kf1 Rh1+ 59.
Kg2 f1=Q+ 60. Kxg3 Kg5 61. Bd5 Rh3# 0-1

[Event "21ème open inter de La Réunion"]
[Site "Salle des fêtes de Bellepierr"]
[Date "2019.10.20"]
[Round "2.25"]
[White "Sandjivy, Jean Marc"]
[Black "Khantalina, Ilariya"]
[Result "1-0"]
[WhiteElo "1218"]
[BlackElo "1009"]
[PlyCount "83"]
[EventDate "2019.??.??"]

1. c4 c5 2. Nc3 Nf6 3. e3 e6 4. Nf3 d5 5. d4 cxd4 6. Nxd4 Ne4 7. cxd5 exd5 8.
Bb5+ Bd7 9. Bxd7+ Nxd7 10. Qb3 Ndc5 11. Qb5+ Nd7 12. Qxd5 Nxc3 13. bxc3 Be7 14.
Qxb7 O-O 15. Nc6 Rb8 16. Nxb8 Nxb8 17. Qxa7 Bf6 18. Bb2 Qd7 19. Qxd7 Nxd7 20.
O-O Nc5 21. Ba3 Be7 22. Bxc5 Bxc5 23. a4 Bd6 24. a5 Be5 25. Rfc1 Rc8 26. Ra3
Bd6 27. Ra4 Ra8 28. c4 Bc7 29. a6 Be5 30. c5 Bb2 31. Rb1 Bf6 32. Rab4 Be7 33.
Rb8+ Rxb8 34. Rxb8+ Bf8 35. a7 g6 36. a8=Q Kg7 37. Rxf8 Kh6 38. Qa7 Kg7 39.
Qxf7+ Kh6 40. Rh8 Kh5 41. Rxh7+ Kg5 42. Qf4# 1-0

[Event "21ème open inter de La Réunion"]
[Site "Salle des fêtes de Bellepierr"]
[Date "2019.10.20"]
[Round "2.26"]
[White "Alex-Geerjanan, Nils"]
[Black "Buchle, Philippe"]
[Result "1-0"]
[WhiteElo "1009"]
[BlackElo "1199"]
[PlyCount "77"]
[EventDate "2019.??.??"]

1. e4 e6 2. d4 d5 3. exd5 exd5 4. Nf3 Bd6 5. Nc3 c6 6. Bd3 Ne7 7. O-O Qc7 8.
Ne2 O-O 9. Ng3 Nd7 10. Re1 Rd8 11. Bg5 f6 12. Bd2 Nf8 13. Nh4 Qb6 14. Bc3 Ne6
15. Nhf5 Nxf5 16. Bxf5 Nf8 17. a3 Qc7 18. Qg4 Kh8 19. Bd2 g6 20. Bxc8 Raxc8 21.
h4 Qg7 22. f3 f5 23. Qh3 Re8 24. h5 Kg8 25. hxg6 hxg6 26. Kf2 Qxd4+ 27. Be3
Qxb2 28. Rad1 f4 29. Bd4 fxg3+ 30. Kf1 Qb5+ 31. Kg1 Kf7 32. Qh8 Rxe1+ 33. Rxe1
Ne6 34. Qf6+ Kg8 35. Qxe6+ Kh7 36. Qh3+ Kg8 37. Qxc8+ Kf7 38. Qd7+ Kf8 39. Re8#
1-0

[Event "21ème open inter de La Réunion"]
[Site "Salle des fêtes de Bellepierr"]
[Date "2019.10.20"]
[Round "3.1"]
[White "Gimenez Martinez, Alberto"]
[Black "Mezouaghi, Miloud"]
[Result "1/2-1/2"]
[WhiteElo "2225"]
[BlackElo "2001"]
[PlyCount "98"]
[EventDate "2019.??.??"]

1. e4 c5 2. Nf3 d6 3. d4 cxd4 4. Nxd4 Nf6 5. Nc3 a6 6. Be3 e5 7. Nb3 Be6 8. f3
Nbd7 9. Qd2 h5 10. O-O-O b5 11. Qf2 Qc7 12. Kb1 Qc6 13. Qd2 Nb6 14. Na5 Qc7 15.
Bxb6 Qxb6 16. Nd5 Bxd5 17. exd5 Rc8 18. c4 bxc4 19. Nxc4 Qb7 20. Qa5 Nd7 21.
Qa4 Be7 22. Na5 Qb6 23. Bd3 Rc7 24. Bf5 Qb5 25. Qxb5 axb5 26. Bxd7+ Kxd7 27.
Nc6 Bg5 28. Rd3 Re8 29. Rb3 Rb7 30. a4 b4 31. Kc2 e4 32. Rxb4 Rxb4 33. Nxb4
exf3 34. gxf3 Re2+ 35. Kb3 Bf6 36. Rb1 Kc7 37. a5 Kb7 38. Ka3 Rxh2 39. Nc6 Rd2
40. b4 Rxd5 41. b5 Rc5 42. Kb4 h4 43. Rh1 g5 44. Rd1 Bc3+ 45. Ka4 d5 46. Nd8+
Kc7 47. Nxf7 Rc4+ 48. Ka3 d4 49. Nxg5 Bxa5 1/2-1/2

[Event "21ème open inter de La Réunion"]
[Site "Salle des fêtes de Bellepierr"]
[Date "2019.10.20"]
[Round "3.2"]
[White "Hamon, Christian"]
[Black "Hercules, Benjamin Vincent"]
[Result "1/2-1/2"]
[WhiteElo "2001"]
[BlackElo "2182"]
[PlyCount "81"]
[EventDate "2019.??.??"]

1. Nf3 c5 2. g3 Nc6 3. Bg2 g6 4. O-O Bg7 5. c4 e5 6. Nc3 Nge7 7. d3 O-O 8. Ne1
d6 9. Nc2 a6 10. Ne3 Rb8 11. a4 Nb4 12. Bd2 Be6 13. Ncd5 Nbxd5 14. cxd5 Bf5 15.
a5 Bd7 16. Nc4 Bb5 17. Bc3 f5 18. f4 Bxc4 19. dxc4 e4 20. Bxg7 Kxg7 21. b4 b6
22. Qd2 Qc7 23. Qc3+ Kf7 24. Rfc1 bxa5 25. bxa5 Rb4 26. g4 fxg4 27. Bxe4 Nf5
28. Bxf5 gxf5 29. Qd3 Kf6 30. e4 fxe4 31. Qxe4 Qe7 32. Qd3 Kg7 33. Re1 Qf6 34.
Rad1 Qxf4 35. Re7+ Rf7 36. Rxf7+ Qxf7 37. Rf1 Qg6 38. Qc3+ Kg8 39. Qf6 Qxf6 40.
Rxf6 Rxc4 41. Rxd6 1/2-1/2

[Event "21ème open inter de La Réunion"]
[Site "Salle des fêtes de Bellepierr"]
[Date "2019.10.20"]
[Round "3.3"]
[White "Rodier, David"]
[Black "Randriambololona, Herimanjatosoa"]
[Result "1-0"]
[WhiteElo "2161"]
[BlackElo "1886"]
[PlyCount "119"]
[EventDate "2019.??.??"]

1. d4 d5 2. Nf3 Nf6 3. c4 c6 4. Nc3 dxc4 5. a4 Bf5 6. e3 e6 7. Bxc4 Bb4 8. O-O
O-O 9. Qe2 Nbd7 10. h3 Ne4 11. Nxe4 Bxe4 12. Rd1 Qa5 13. Nd2 Bg6 14. Nb3 Qc7
15. Bd2 Be7 16. Rac1 Rac8 17. a5 Qb8 18. e4 e5 19. dxe5 Nxe5 20. f4 Nxc4 21.
Qxc4 Kh8 22. Rc3 f6 23. Rd3 Bh5 24. Re1 Bf7 25. Qc3 Rcd8 26. Rxd8 Rxd8 27. Be3
Qc7 28. Nd4 Bd6 29. g3 Re8 30. Bf2 Qd7 31. Nf5 Bb8 32. Qf3 Bg6 33. Nh4 Qxh3 34.
Nxg6+ hxg6 35. Rd1 Qc8 36. Qd3 Qg4 37. Kg2 Bxf4 38. Qd7 Qxd7 39. Rxd7 Bc1 40.
Kf3 Rb8 41. Bxa7 Ra8 42. Rxb7 Bxb2 43. Rb8+ Rxb8 44. Bxb8 Bd4 45. a6 Kg8 46. a7
Bxa7 47. Bxa7 Kf7 48. Bd4 Ke6 49. Bb2 g5 50. Ke3 c5 51. Bc3 g6 52. Kd3 g4 53.
Bd2 g5 54. Be3 f5 55. exf5+ Kxf5 56. Bxc5 Ke5 57. Be3 Kf5 58. Kd4 Kg6 59. Ke5
Kh5 60. Kf5 1-0